Les feats de Sadek - Statistiques

Statistiques générales
  • Ce quiz a été pris 47 fois
  • Le résultat moyen est 11 sur 35
Statistiques - réponses
Chanson Feat % Correct
Andale Gradur
89%
La bise Brulux
81%
La paresse SCH
75%
En leuleu Niska
61%
Changer Josman
39%
Encore Sofiane
39%
Stahraf Heuss l'Enfoiré
36%
La Tour Jok'air
36%
Perroquet Kalash Criminel
36%
Alliance Vald
36%
Champions Limsa d'Aulnay
33%
Ariva MHD
33%
Guérison Ali
31%
Top Boy DA Uzi
28%
La Vista Lacrim
28%
La balade du repenti winnterzuko
28%
YL
28%
Soutien Fianso
25%
Sac à dos Kai du M
25%
La Vista Rimkus
25%
Heuss l'Enfoiré
22%
La salle des coffres Lapso Laps
22%
Leto
22%
Des doigts MC Bin Laden
22%
Plug NORDO
22%
Khabat Ohmondieusalva
22%
Talk a lot thaHomey
22%
Pina Colada Ronegga
19%
Boulot Biga Ranx
14%
Les So
14%
Soumawe Marella
14%
Revolver Beezy
11%
Likmus
8%
Oussou
8%
Joker 99rocky
6%
Aucun quiz correspondant
Distribution des résultats
% des personnes avec chaque résultat
Percentile par nombre de réponses
Votre historique - résultats
Vous n’avez pas pris ce quiz